000 01962cam a22005054a 4500
001 muse79507
003 MdBmJHUP
005 20210127151517.0
006 m o d
007 cr||||||||nn|n
008 190225s2019 ncu o 00 0 eng d
010 _z 2019009378
020 _a9781478003380
020 _a1478003383
020 _z9781478001867
020 _z1478001860
035 _a(OCoLC)1142317667
040 _aMdBmJHUP
_cMdBmJHUP
043 _aa-ii---
050 1 4 _aN7304
082 0 _a709.54/0904
_223
100 1 _aMathur, Saloni,
_eauthor.
245 1 2 _aA Fragile Inheritance
_bRadical Stakes in Contemporary Indian Art /
_cSaloni Mathur.
264 1 _bDuke University Press,
264 3 _bProject MUSE,
300 _a1 online resource (1 online resource.)
504 _aIncludes bibliographical references and index.
505 0 _aIntroduction: A fragile inheritance -- Earthly ecologies -- The edifice complex -- The world, the art, and the critic -- Urban economies -- Epilogue late styles.
506 0 _aOpen Access
_fUnrestricted online access
_2star
588 _aDescription based on print version record.
650 0 _aArt
_xPolitical aspects
_zIndia.
650 0 _aArt, Indic
_y21st century.
650 0 _aArt, Indic
_y20th century.
600 1 1 _aKapur, Geeta,
_d1943-
_xCriticism and interpretation.
600 1 1 _aSundaram, Vivan
_xCriticism and interpretation.
655 7 _aElectronic books.
_2local
776 1 8 _iPrint version:
_tFragile inheritance
_dDurham : Duke University Press, 2019
_z9781478001867
_w(DLC) 2019006362
710 2 _aProject Muse.
_edistributor
830 0 _aBook collections on Project MUSE.
856 4 0 _zFull text available:
_uhttps://muse.jhu.edu/book/71073/
999 _c26008
_d26008